|
|
|
|
| LEADER |
00000nim0a2200000 4500 |
| 001 |
164863 |
| 005 |
20231031161513.0 |
| 010 |
|
|
|a 9780521603416
|
| 035 |
|
|
|a (RuTPU)RU\TPU\book\178858
|
| 090 |
|
|
|a 164863
|
| 100 |
|
|
|a 20090911d2007 m y0engy50 ba
|
| 101 |
0 |
|
|a eng
|
| 102 |
|
|
|a GB
|
| 105 |
|
|
|a y j 000zy
|
| 126 |
|
|
|a agbuhxx||||||сd
|
| 127 |
|
|
|a hhmmss
|
| 128 |
|
|
|a zz
|b uu
|c uu
|
| 200 |
1 |
|
|a Face2face. Upper Intermediate
|b Electronic resource
|e Class Audio CDs
|f C. Redston
|
| 203 |
|
|
|a Text
|c electronic
|
| 210 |
|
|
|a Cambridge
|c Cambridge University Press
|d 2007
|
| 215 |
|
|
|a 3 Audio CD-ROM
|
| 610 |
1 |
|
|a лексика
|
| 610 |
1 |
|
|a грамматика
|
| 610 |
1 |
|
|a разговорная речь
|
| 610 |
1 |
|
|a упражнения
|
| 610 |
1 |
|
|a аудиокассеты
|
| 610 |
1 |
|
|a CD-ROM
|
| 686 |
|
|
|a Ш143.21-923
|v LBC/SL-A
|2 rubbk
|
| 700 |
|
1 |
|a Redston
|b C.
|g Chris
|
| 801 |
|
1 |
|a RU
|b 63413507
|c 20090911
|
| 801 |
|
2 |
|a RU
|b 63413507
|c 20200625
|g RCR
|
| 942 |
|
|
|c BK
|